Actas del Congreso "Cervantes, el 'Quijote' y Andalucía" : (Record no. 192014)

MARC details
000 -LEADER
campo de control de longitud fija 01289cam a2200277 4500
001 - NÚMERO DE CONTROL
campo de control 192014
003 - IDENTIFICADOR DE NÚMERO DE CONTROL
campo de control SpMaBN
005 - FECHA Y HORA DE LA ÚLTIMA TRANSACCIÓN
campo de control 20240612113646.0
008 - DATOS DE LONGITUD FIJA--INFORMACIÓN GENERAL
campo de control de longitud fija 221031s2007 sp a | ||||o000 0dspa
017 ## - NÚMERO DE COPYRIGHT O DE DEPÓSITO LEGAL
Número de copyright o de depósito legal SE 928-2007
Agencia que asigna Oficina Depósito Legal Sevilla
020 ## - NÚMERO INTERNACIONAL ESTÁNDAR DEL LIBRO
Número Internacional Estándar del Libro 8488842163
080 ## - NÚMERO DE LA CLASIFICACIÓN DECIMAL UNIVERSAL
Número de la Clasificación Decimal Universal 821.134.2 Cervantes Saavedra, Miguel de 7 Quijote.07(063)
111 2# - ENTRADA PRINCIPAL--NOMBRE DE CONGRESO/REUNIÓN
Nombre de congreso/reunión o jurisdicción como elemento de entrada Congreso "Cervantes, el 'Quijote' y Andalucía" (
Fecha del congreso o de la firma del tratado 2005.
Sede del congreso/Lugar de la reunión Sevilla)
9 (RLIN) 175659
245 10 - MENCIÓN DEL TÍTULO
Título Actas del Congreso "Cervantes, el 'Quijote' y Andalucía" :
Resto del título (Sevilla, 6-8 de mayo de 2005) /
Mención de responsabilidad, etc. edición a cargo de Antonio Castro Díaz
260 ## - PUBLICACIÓN, DISTRIBUCIÓN, ETC.
Lugar de publicación, distribución, etc. Tomares, Sevilla :
Nombre del editor, distribuidor, etc. Asociación Andaluza de Profesores de Español "Elio Antonio de Nebrija",
Fecha de publicación, distribución, etc. 2007.
300 ## - DESCRIPCIÓN FÍSICA
Extensión 347 páginas :
Otras características físicas ilustraciones (blanco y negro) ;
Dimensiones 24 cm +
Material acompañante/anejo 1 CD-ROM
500 ## - NOTA GENERAL
Nota general Índice
504 ## - NOTA DE BIBLIOGRAFÍA, ETC.
Nota de bibliografía, etc. Referencias bibliográficas
600 14 - PUNTO DE ACCESO ADICIONAL DE MATERIA--NOMBRE DE PERSONA
Nombre de persona Cervantes Saavedra, Miguel de,
Fechas asociadas al nombre 1547-1616.
Título de la obra Don Quijote de la Mancha-
Subdivisión de forma Congresos y asambleas
9 (RLIN) 37617
700 1# - ENTRADA AGREGADA--NOMBRE PERSONAL
Nombre de persona Castro Díaz, Antonio.
9 (RLIN) 159836
Término indicativo de función/relación Editor literario
852 4# - LOCALIZACIÓN
Ubicación ES-MaACL
Número de control de estantería N-8213
Ubicación en estantería Depósito J
Donativo/Legado Donación: Editorial
itemnumber 199296
852 4# - LOCALIZACIÓN
Ubicación ES-MaACL
Número de control de estantería ROT 6/2/28
Ubicación en estantería Rotativo
Donativo/Legado Donación: Editorial
itemnumber 203366
942 ## - ELEMENTOS DE ENTRADA SECUNDARIOS (KOHA)
Fuente del sistema de clasificación o colocación Clasificación decimal universal
Tipo de ítem Koha Libro impreso
Suprimir en OPAC No
Holdings
Estatus retirado Estado de pérdida Fuente del sistema de clasificación o colocación Estado de daño No para préstamo Biblioteca de origen Biblioteca actual Ubicación en estantería Fecha de adquisición Fuente de adquisición Total de préstamos Signatura topográfica completa Código de barras Visto por última vez Tipo de ítem Koha Precio de reemplazo
    Clasificación decimal universal     Biblioteca del Ateneo de Madrid Biblioteca del Ateneo de Madrid Depósito J 31/10/2022 Donación   N-8213 101206682 23/02/2023 Libro impreso  
    Clasificación decimal universal     Biblioteca del Ateneo de Madrid Biblioteca del Ateneo de Madrid Rotativo 11/06/2024 Donación   ROT 6/2/28 101228410 11/06/2024 Archivo de ordenador en CD-ROM, CD o disquete 11/06/2024